00341nam a2200145Ia 4500003000500000008004100005020001800046040001900064082000700083100002000090245002900110260003600139300000800175546001200183STCL181203s9999 xx 000 0 und d a9789350064962 aSTCLbENcSTCL 222 aKumar, Indrajit 0aOrganometallic Compounds bPragati PrakashanaMeerutc2012 a208 aEnglish